Statistiques concernant Chansons par titres détournées - Années 70

Cliquez ici pour prendre le quiz!

Statistiques générales

  • Ce quiz a été pris 49 fois
  • Le résultat moyen est 4 sur 15

Statistiques - réponses

Titre détournéChanson% Correct
L'oiseau sombreL'aigle noir
80%
L'hiver mexicainL'été indien
76%
Les larmes du GSMLe téléphone pleure
54%
Ton daronMon vieux
46%
Grand-mère d'une couleur anormaleMamy blue
29%
Daniel BalavoineLe chanteur
20%
I'm not deadI will Survive
12%
HémisphèreLe Sud
12%
Pas loin de NéoDu côté de chez Swann
10%
Mytho mythoParoles paroles
10%
Je veux te péchoPour un flirt
10%
Je t'adoreQue je t'aime
7%
Bibliothèque de musiqueRockcollection
2%
Le tako-tsuboLa maladie d'amour
0%
Ouvre la porteVoici les clés
0%

Distribution des résultats

Percentile par nombre de réponses

% des personnes avec chaque résultat

Votre développement - résultats

Vous n’avez pas pris ce quiz